Microprocessor-based Agri instrumentation / (Record no. 43733)

MARC details
000 -LEADER
fixed length control field 02021nam a22003617a 4500
005 - DATE AND TIME OF LATEST TRANSACTION
control field 20100904121245.0
008 - FIXED-LENGTH DATA ELEMENTS--GENERAL INFORMATION
fixed length control field
010 ## - LCCN (DPL NO)
LC control number ENG-101413 B-425697-701
020 ## - INTERNATIONAL STANDARD BOOK NUMBER
International Standard Book Number 9788120340862
Terms of availability 395.00
035 ## - SYSTEM CONTROL NUMBER
System control number EN-84946 B-425697-701
037 ## - SOURCE OF ACQUISITION
Source of stock number/acquisition DBAD/PUB
037 ## - SOURCE OF ACQUISITION
Source of stock number/acquisition Allied Pub/Ven
040 ## - CATALOGING SOURCE
Original cataloging agency DPL
Language of cataloging Eng
082 ## - DEWEY DECIMAL CLASSIFICATION NUMBER
Classification number 001.64
100 1# - MAIN ENTRY--PERSONAL NAME
Personal name Krishna Kant
9 (RLIN) 18275
245 10 - TITLE STATEMENT
Title Microprocessor-based Agri instrumentation /
Statement of responsibility, etc by Krishna Kant
260 ## - PUBLICATION, DISTRIBUTION, ETC. (IMPRINT)
Place of publication, distribution, etc New Delhi
Name of publisher, distributor, etc PHI Learning
Date of publication, distribution, etc 2010
270 ## - ADDRESS
Address M-97, Connaught Circus
City New Delhi
Postal code 110001
300 ## - PHYSICAL DESCRIPTION
Extent xx,452p. :
Other physical details ill.
Dimensions 24cm (pbk)
500 ## - GENERAL NOTE
General note Includes index.
650 #0 - SUBJECT ADDED ENTRY--TOPICAL TERM
9 (RLIN) 18276
700 1# - ADDED ENTRY--PERSONAL NAME
9 (RLIN) 18277
700 1# - ADDED ENTRY--PERSONAL NAME
9 (RLIN) 18278
942 ## - ADDED ENTRY ELEMENTS (KOHA)
Source of classification or shelving scheme Dewey Decimal Classification
Item type English Books
Call number suffix KRI
Classification part 001.64
Holdings
Withdrawn status Lost status Source of classification or shelving scheme Damaged status Not for loan Collection code Home library Current library Date acquired Source of acquisition Cost, normal purchase price Total Checkouts Full call number Barcode Date last seen Copy number Cost, replacement price Koha item type Public note
    Dewey Decimal Classification     Non-fiction Central Library Central Library 16/06/2011 Allied Pub/2842/22.3.11/75/4.3.11/28.3.11 395.00 1 001.64 KRI B-425697 21/11/2017 1 395.00 English Books  
    Dewey Decimal Classification   Not For Loan Non-fiction D.B.Act.Division D.B.Act.Division 04/09/2010 DBAD/PUB 395.00   001.64 KRI EN-84946 04/09/2010 1 395.00 English Books  
    Dewey Decimal Classification     Non-fiction Karol Bagh Karol Bagh 16/06/2011 Allied Pub/2842/22.3.11/75/4.3.11/28.3.11 395.00   001.64 KRI B-425700 16/06/2011 1 395.00 English Books  
  Written-off vide DLB M. No. 383 dt 16.05.19 Dewey Decimal Classification     Non-fiction Patel Nagar Patel Nagar 16/06/2011 Allied Pub/2842/22.3.11/75/4.3.11/28.3.11 395.00   001.64 KRI B-425698 16/06/2011 1 395.00 English Books  
    Dewey Decimal Classification     Non-fiction Sarojini Nagar Sarojini Nagar 16/06/2011 Allied Pub/2842/22.3.11/75/4.3.11/28.3.11 395.00   001.64 KRI B-425699 16/06/2011 1 395.00 English Books  
Written off   Dewey Decimal Classification     Non-fiction Shahdara Branch Shahdara Branch 16/06/2011 Allied Pub/2842/22.3.11/75/4.3.11/28.3.11 395.00   001.64 KRI B-425701 16/06/2011 1 395.00 English Books Written off vide C-30021/05/2022/Estt./110 dt.07.11.22

© Delhi Public Library
Hit Counter
free hit counter